| 000 | 00827cam a22002653a 4500 | ||
|---|---|---|---|
| 001 | 5749 | ||
| 003 | PGUSA | ||
| 005 | 20140828083124.0 | ||
| 008 | 040501s2004||||xxu|||||s|||||000 | eng d | ||
| 040 |
_aPGUSA _beng |
||
| 042 | _adc | ||
| 050 | 4 | _aPT | |
| 100 | 1 |
_aHolberg, Ludvig, _d1684-1754 |
|
| 245 | 1 | 0 |
_aComedies by Holberg : _bJeppe of the Hill, The Political Tinker, Erasmus Montanus _h[electronic resource] / _cLudvig Holberg |
| 260 |
_bProject Gutenberg, _c2004 |
||
| 506 | _aPublic domain in the USA. | ||
| 516 | _aElectronic text | ||
| 653 | _aComedies | ||
| 653 | _aDanish drama -- Translations into English | ||
| 700 | 1 |
_aCampbell, Oscar James, _d1879-1970 |
|
| 700 | 1 |
_aSchenck, Frederic, _d1887-1919 |
|
| 830 | 0 |
_aProject Gutenberg _v5749 |
|
| 856 | 4 | 0 | _uhttp://www.gutenberg.org/ebooks/5749 |
| 942 | _cEB | ||
| 999 |
_c235077 _d235077 |
||